| 000 | 00484nam a2200181Ia 4500 | ||
|---|---|---|---|
| 005 | 20250508152504.0 | ||
| 008 | 008 250505s9999 xx 000 0 hin d | ||
| 037 | _aTextual | ||
| 040 |
_aFEDL _beng _cFEDL |
||
| 041 |
_ahin _2hin |
||
| 084 |
_a891.431, ANN _qFEDL |
||
| 100 | _aAnchal | ||
| 245 | 0 | _aVarshant ke badal | |
| 260 |
_aAllahabad, India _bSahitya Bhawan Limited _c1957 |
||
| 300 | _a92p. | ||
| 942 |
_cTEXL _h891.431, ANN |
||
| 999 |
_c1336750 _d1336750 |
||